000 00789nac a22002417a 4500
001 BR8707515
003 BR-BrBNA
005 20240105120634.0
008 230509b bl.|||m| |||| 00| 0 por d
040 _aBR-BrBNA
_bpor
_cBiblioteca Nacional de Agricultura
072 _aF01
090 _a1540 BR8707515
110 1 _aEmpresa Catarinense de Pesquisa Agropecuaria S.A., Florianopolis, SC (Brasil)
245 1 _aProducao de manivas - sementes de mandioca
260 3 _aFlorianopolis, SC (Brasil):
_c1986.
300 _avp.
490 _aDocumentos - Empresa Catarinense de Pesquisa Agropecuaria S.A. (Brazil)
_vno. 66
_xISSN 0100-8986
500 _a5 illus.
650 _aMANDIOCA
650 _aMANIVA
909 _a202312
_bLúcia Elande
_c55
_dLúcia Elande
942 _2AGRIS
_n0
_cMS
999 _c280620
_d280620